000 00315nam a22001457a 4500
008 221201b ||||| |||| 00| 0 eng d
020 _a9780815156871
041 _aeng
080 _a616.9
082 _a616.9JOH
100 _a16.2
101 _aINFEK
245 _aETHNIC SKIN
_cJOHNSON. MOY
942 _2udc
_cBK
999 _c59064
_d59064